| 000 -LEADER |
| fixed length control field |
01131cam a2200313Ia 4500 |
| 020 ## - INTERNATIONAL STANDARD BOOK NUMBER |
| ISBN |
1570394830 (Student text pt. A) |
| 020 ## - INTERNATIONAL STANDARD BOOK NUMBER |
| ISBN |
1570394873 (Student text pt. B) |
| 020 ## - INTERNATIONAL STANDARD BOOK NUMBER |
| ISBN |
1570394830 (Teacher's guide pt. A) |
| 020 ## - INTERNATIONAL STANDARD BOOK NUMBER |
| ISBN |
1570394873 (Teacher's guide pt. B) |
| 020 ## - INTERNATIONAL STANDARD BOOK NUMBER |
| ISBN |
1570394865 (Assessment resources pt. A) |
| 020 ## - INTERNATIONAL STANDARD BOOK NUMBER |
| ISBN |
1570394903 (Assessment resources pt. B) |
| 020 ## - INTERNATIONAL STANDARD BOOK NUMBER |
| ISBN |
1570394911 (Implementing the coreplus mathematics curriculum) |
| 020 ## - INTERNATIONAL STANDARD BOOK NUMBER |
| ISBN |
1570394997 (Scope and sequence) |
| 020 ## - INTERNATIONAL STANDARD BOOK NUMBER |
| ISBN |
1570394857 (Teaching resources pt. A) |
| 020 ## - INTERNATIONAL STANDARD BOOK NUMBER |
| ISBN |
157039489X (Teaching resources pt. B) |
| 040 ## - CATALOGING SOURCE |
| Transcribing agency |
IOG |
| 082 ## - DEWEY DECIMAL CLASSIFICATION NUMBER |
| Classification number |
511 EVE 1998 A031 Or. |
| 245 00 - TITLE STATEMENT |
| Title |
Contemporary mathematics in context : |
| Remainder of title |
a unified approach. |
| 260 ## - PUBLICATION, DISTRIBUTION, ETC. (IMPRINT) |
| Place of publication |
Chicago, Ill. : |
| Name of publisher |
Everyday Learning, |
| Year of publication |
c1998 |
| 300 ## - PHYSICAL DESCRIPTION |
| Number of Pages |
2 v. : |
| Other physical details |
ill. (some col.) ; |
| Dimensions |
29 cm. + |
| Accompanying material |
9 teaching resources |
| 500 ## - GENERAL NOTE |
| General note |
Includes indexes |
| 650 #0 - SUBJECT ADDED ENTRY--TOPICAL TERM |
| Topical Term |
Mathematics |
| 650 #0 - SUBJECT ADDED ENTRY--TOPICAL TERM |
| Topical Term |
Mathematics |
| 650 #0 - SUBJECT ADDED ENTRY--TOPICAL TERM |
| Topical Term |
Mathematics |
| 700 1# - ADDED ENTRY--PERSONAL NAME |
| Personal name |
Coxford, Arthur F |
| 710 2# - ADDED ENTRY--CORPORATE NAME |
| Corporate name or jurisdiction name as entry element |
Core-Plus Mathematics Project |
| 710 2# - ADDED ENTRY--CORPORATE NAME |
| Corporate name or jurisdiction name as entry element |
Everyday Learning Corporation |
| 942 ## - ADDED ENTRY ELEMENTS (KOHA) |
| Koha item type |
សៀវភៅភាសាអង់គ្លេស |
| 952 ## - LOCATION AND ITEM INFORMATION (KOHA) |
| Withdrawn status [LOCAL, KOHA] |
0 |